• 首页
  • 本馆介绍
  • 公告通知
  • 最新文献
  • 馆藏检索
  • 电子资源
  • 读者导购
  • 参考咨询
  • 我的图书馆
  • 登录
  • 详细信息显示
  • 放入我的书架
  • 预约/预借图书
  • 作者相关作品
  • 分类相关作品
  • 丛书相关作品
  • 出版社相关作品

书目信息

  • 表格格式
  • 工作单格式
  • 卡片格式
题名:
稀奇的金属
    
 
作者: 陈念贻 著
分册:  
出版信息: 北京   中国少年儿童出版社  1979
页数: 92页
开本: 19cm
丛书名: 少年百科丛书
单 册:
中图分类: N28
科图分类:
主题词: 自然科学--展览会 , 儿童文学-科学故事--中国--现代 , 科学故事-儿童文学--中国--现代 , 自然科学--展览馆
电子资源:
ISBN:
000 00759nam2 2200277 45
001 0179006356
005 20060812144533.93
010    @dCNY0.20
091    @aR13056.96
100    @a19950721d1979 am y0chiy0121 ea
101 0  @achi
102    @aCN@b110000
105    @ay z 000fy
200 10 @a稀奇的金属@Axi qi de jin shu@f陈念贻著@Fchen nian yi zhu
210    @a北京@c中国少年儿童出版社@d1979
215    @a92页@d19cm
225 2  @a少年百科丛书
410  0 @120010@a少年百科丛书
606 0  @a自然科学@x展览会
606    @a儿童文学-科学故事@y中国@z现代
606    @a科学故事-儿童文学@y中国@z现代
606 0  @a自然科学@x展览馆
690    @aN28@v4
701  0 @a陈念贻@Achen nian yi@4著
801  0 @aCN@bTSSF@c20060812
905    @a10447@dN28@e61
    
    稀奇的金属/陈念贻著.-北京:中国少年儿童出版社,1979
    92页;19cm.-(少年百科丛书)
    
    
    ISBN :CNY0.20
    
●
相关链接 在E读中查询图书 在五车中查询图书 在当当中查询图书 在豆瓣中查询图书


正题名:稀奇的金属     索取号:N28/61         预约/预借

序号 登录号 条形码 馆藏地/架位号 状态 备注
1 0013692   001472114   密集书库/ [索取号:N28/61] 在馆    
2 0451939   204519397   密集书库/ [索取号:N28/61] 在馆    
3 0452386   204523863   密集书库/ [索取号:N28/61] 在馆    
唐山师范学院图书馆 欢迎您!
大连网信软件有限公司© 版权所有